Statistics for All North American Pro Sports Logos

Click here to take the quiz!

General Stats

  • This quiz has been taken 25,333 times
    (25,113 since last reset)
  • The average score is 91 of 123

Answer Stats

Answer% Correct
Chicago Bulls
96%
Boston Red Sox
93%
Los Angeles Lakers
93%
New England Patriots
92%
Boston Celtics
91%
Miami Dolphins
91%
Denver Broncos
90%
Los Angeles Rams
90%
Carolina Panthers
90%
Atlanta Falcons
89%
Green Bay Packers
88%
New York Giants
88%
Utah Jazz
86%
Miami Heat
86%
Chicago Cubs
86%
Jacksonville Jaguars
86%
Philadelphia Eagles
86%
Toronto Maple Leafs
85%
Tampa Bay Buccaneers
85%
Minnesota Vikings
85%
Baltimore Ravens
85%
Las Vegas Raiders
85%
Golden State Warriors
85%
Arizona Cardinals
84%
Washington Football Team
84%
San Jose Sharks
84%
Toronto Blue Jays
84%
Pittsburgh Steelers
84%
Detroit Lions
84%
Indianapolis Colts
84%
Pittsburgh Pirates
83%
Dallas Cowboys
82%
Houston Texans
82%
Pittsburgh Penguins
82%
Buffalo Bills
81%
Minnesota Timberwolves
81%
Detroit Red Wings
81%
New Orleans Saints
81%
Memphis Grizzlies
81%
Seattle Seahawks
81%
Tampa Bay Lightning
80%
Charlotte Hornets
80%
Indiana Pacers
79%
San Antonio Spurs
79%
St. Louis Cardinals
79%
Cincinnati Bengals
79%
Los Angeles Chargers
79%
Sacramento Kings
78%
Milwaukee Bucks
78%
Houston Rockets
77%
Colorado Avalanche
77%
Boston Bruins
77%
Houston Astros
76%
Orlando Magic
76%
Philadelphia Flyers
75%
Toronto Raptors
75%
New Jersey Devils
75%
Cleveland Browns
75%
Los Angeles Angels
75%
Tennessee Titans
74%
New York Knicks
73%
Edmonton Oilers
73%
Baltimore Orioles
73%
San Diego Padres
73%
Miami Marlins
73%
New York Mets
73%
San Francisco 49ers
73%
New York Yankees
72%
Cleveland Cavaliers
71%
Cincinnati Reds
71%
Chicago White Sox
71%
Denver Nuggets
71%
Kansas City Chiefs
71%
Chicago Bears
70%
Portland Trail Blazers
70%
New York Rangers
69%
Washington Nationals
69%
Atlanta Hawks
68%
Phoenix Suns
68%
Los Angeles Kings
67%
Brooklyn Nets
67%
Chicago Blackhawks
67%
St. Louis Blues
67%
Arizona Diamondbacks
67%
New York Islanders
67%
Calgary Flames
66%
Detroit Tigers
66%
Los Angeles Clippers
66%
Dallas Stars
66%
Washington Capitals
66%
Colorado Rockies
66%
Oakland Athletics
66%
Dallas Mavericks
66%
Atlanta Braves
65%
New York Jets
65%
Milwaukee Brewers
65%
Oklahoma City Thunder
65%
Buffalo Sabres
64%
Texas Rangers
64%
Detroit Pistons
64%
Arizona Coyotes
63%
Anaheim Ducks
63%
Montreal Canadiens
63%
Winnipeg Jets
62%
Florida Panthers
62%
Philadelphia 76ers
62%
New Orleans Pelicans
62%
Kansas City Royals
61%
Seattle Mariners
61%
Minnesota Wild
61%
Carolina Hurricanes
60%
Washington Wizards
60%
Ottawa Senators
59%
Minnesota Twins
58%
Los Angeles Dodgers
57%
Philadelphia Phillies
57%
Vegas Golden Knights
56%
San Francisco Giants
55%
Nashville Predators
55%
Tampa Bay Rays
54%
Cleveland Indians
53%
Vancouver Canucks
52%
Columbus Blue Jackets
47%

Score Distribution

Percentile by Number Answered

Percent of People with Each Score

Your Score History

You have not taken this quiz since the last reset